Normal view
MARC view
Entry Personal Name
001 - CONTROL NUMBER
- control field: 183612
003 - CONTROL NUMBER IDENTIFIER
- control field: OSt
005 - DATE AND TIME OF LATEST TRANSACTION
- control field: 20241029101723.0
008 - FIXED-LENGTH DATA ELEMENTS
- fixed length control field: 241029|| aca||aabn | a|a d
040 ## - CATALOGING SOURCE
- Original cataloging agency: OSt
- Transcribing agency: OSt
100 ## - HEADING--PERSONAL NAME
- Personal name: LIMBALE (Sharankumar)
670 ## - SOURCE DATA FOUND
- Source citation: Work cat.: (OSt)124252: LIMBALE (Sharankumar), Towards an aesthetic of dalit literature:history controversies and considerations , 2018